Australia and New Zealand / (Record no. 69918)
[ view plain ]
| 000 -LEADER | |
|---|---|
| fixed length control field | 00863nam a2200277 a 4500 |
| 001 - CONTROL NUMBER | |
| control field | 69918 |
| 003 - CONTROL NUMBER IDENTIFIER | |
| rucl marc code | BD-RjUL |
| 005 - DATE AND TIME OF LATEST TRANSACTION | |
| control field | 20211209081937.0 |
| 008 - FIXED-LENGTH DATA ELEMENTS--GENERAL INFORMATION | |
| fixed length control field | 170415s1965 enkab b 001 0 eng |
| 035 ## - SYSTEM CONTROL NUMBER | |
| System control number | (BD-RjUL)70130 |
| 040 ## - CATALOGING SOURCE | |
| Original cataloging agency | DLC |
| Transcribing agency | DLC |
| Modifying agency | BD-RjUL |
| Language of cataloging | eng |
| 041 ## - LANGUAGE CODE | |
| Language code of text/sound track or separate title | eng |
| 082 00 - DEWEY DECIMAL CLASSIFICATION NUMBER | |
| Classification number | 919.4 |
| Edition number | 23 |
| Author mark and year | MOA 1965 |
| 100 1# - MAIN ENTRY--PERSONAL NAME | |
| Personal name | Money, D. C. |
| 9 (RLIN) | 207080 |
| 245 10 - TITLE STATEMENT | |
| Title | Australia and New Zealand / |
| Statement of responsibility, etc. | by D. C. Money. |
| 250 ## - EDITION STATEMENT | |
| Edition statement | 3rd ed. |
| 260 ## - PUBLICATION, DISTRIBUTION, ETC. (IMPRINT) | |
| Place of publication, distribution, etc. | London : |
| Name of publisher, distributor, etc. | University Tutorial Press, |
| Date of publication, distribution, etc. | 1965 |
| 300 ## - PHYSICAL DESCRIPTION | |
| Pagination | xii, 460, [21] p. : |
| Illustrations | ill. ; |
| Size | 22 cm. |
| 490 ## - SERIES STATEMENT | |
| Series statement | Advanced level geography series, |
| Volume/sequential designation | book 1 |
| 500 ## - GENERAL NOTE | |
| General note | Map on lining papers. |
| 504 ## - BIBLIOGRAPHY, ETC. NOTE | |
| Bibliography, etc | Includes bibliographies. |
| 651 #0 - SUBJECT ADDED ENTRY--GEOGRAPHIC NAME | |
| Geographic name | Australia |
| General subdivision | Geography. |
| 9 (RLIN) | 206157 |
| Geographic name | Australia |
| General subdivision | Description and travel. |
| 9 (RLIN) | 208713 |
| Geographic name | New Zealand |
| General subdivision | Description and travel. |
| 9 (RLIN) | 207081 |
| 942 ## - ADDED ENTRY ELEMENTS (KOHA) | |
| Source of classification or shelving scheme | Dewey Decimal Classification |
| Koha item type | Books |
| Lost status | Source of classification or shelving scheme | Damaged status | Not for loan | Collection code | Permanent Location | Current Location | Shelving location | Date acquired | Source of acquisition | Cost, normal purchase price | Total Checkouts | Full call number | Date last seen | Copy number | Koha item type |
|---|---|---|---|---|---|---|---|---|---|---|---|---|---|---|---|
| Dewey Decimal Classification | Not For Loan | Non-fiction | Central Library, University of Rajshahi | Central Library, University of Rajshahi | Reading Room | 24/11/1965 | Zeitlinger | 21.00 | 919.4 MOA 1965 | 15/04/2017 | C-1 | Books |